000 01342cam a2200157 4500500
005 20260111070007.0
041 _afre
042 _adc
100 1 0 _aGeslot, Jean-Charles
_eauthor
245 0 0 _aWall posters for the teaching of French history: the slow establishment of a new kind of educational material in the 19th century (up to the 1870s)
260 _c2025.
500 _a48
520 _aIn the first quarter of the 19th century, French history wall posters benefited from a particular intellectual context, which promoted the national narrative as much as its pedagogy. As history was gradually established as a school subject, the wall poster was presented as a specific material medium, making it possible to encompass all knowledge of the nation's past in a single glance. However, the material characteristics of these objects seem to be holding back their development. Although some posters were relatively widely distributed, and benefited from genuine promotional campaigns, publishers invested little in them. It’s only the Third Republic that this original material became an integral part of the range of tools used to teach French history.
786 0 _nRomantisme | 206 | 4 | 2025-01-03 | p. 29-43 | 0048-8593
856 4 1 _uhttps://shs.cairn.info/journal-romantisme-2024-4-page-29?lang=en&redirect-ssocas=7080
999 _c1614768
_d1614768